000 01174nam a2200289 4500
003 EG-GICUC
005 20260121101219.0
008 251113s2002 ua ||||fr|||| 00| 0 ara d
040 _a EG-GICUC
_bara
_c EG-GICUC
_d EG-GICUC
_erda
041 0 _aara
082 0 4 _221
_a341.84
_bع ك . ق
092 0 4 _221
099 _aLaw1 12 341.84 ع ك . ق 2002
100 0 _aعكاشة محمد عبدالعال
_eمؤلف.
245 1 2 _aقواعد التنازع في القانون المصري :
_bدراسة مقارنة /
_cعكاشة محمد عبدالعال.
264 1 _aالاسكندرية؛
_bدار المطبوعات الجامعية،
_c2002.
300 _a 857 ؛ صفحة
_c24 سم
336 _2rda content
_atext
337 _2rda media
_aComputer
338 _2rda carrier
_aOnline Resource
504 _aيحتوي على ارجاعات ببليوجرافية
546 _aالنص أغلبه باللغة العربية بعض النصوص الإنجليزية والفرنسية
650 _aتنازع القوانين
_zمصر
856 4 0 _uhttps://fll.law.cu.edu.eg/fulltext/bks/B12-01283.pdf
905 _a75
_eYara
942 _2ddc
_n0
_cBK
_e21
999 _c43103
_d43103